Statystyki dla Planety w Układzie Słonecznym

Kliknij tutaj aby rozwiązać quiz!

Ogólne statystyki

  • Ten quiz został rozwiązany 864 razy
  • Średni wynik to 5 z 8

Statystyki odpowiedzi

PlanetyOdpowiedź% Poprawnych
3.Ziemia
90%
4.Mars
84%
2.Wenus
71%
1.Merkury
70%
7.Jowisz
69%
6.Saturn
61%
8.Uran
52%
5.Neptun
49%

Rozkład punktacji

Percentyl według liczby udzielonych odpowiedzi

Procent ludzi z każdym wynikiem

Twoja historia wyników

Nie rozwiązałeś tego quizu